LEADER 00958nam0 2200313 450 001 000007745 005 20090403122220.0 010 $a88-348-5412-8 100 $a20070330d2005----km-y0itay50------ba 101 0 $aita 102 $aIT 105 $ay-------001yy 200 1 $aDiritto industriale$eproprietā intellettuale e concorrenza$fP. Auteri, G. Floridia... [et al.] 205 $a2. ed. 210 $aTorino$cGiappichelli$dc2005 215 $aXXIII, 648 p.$d25 cm 500 10$aDiritto industriale$960244 610 1 $aDiritto industriale$aItalia 610 1 $aProprietā intellettuale 610 1 $aMarchi di fabbrica e di commercio 676 $a346.048$v21 676 $a346.45048$v21 702 1$aAuteri,$bPaolo 801 0$aIT$bUNIPARTHENOPE$c20070330$gRICA$2UNIMARC 912 $a000007745 951 $aP1 346-D/32$b39306$cPIST$d2007 951 $aO-0064$b41232$cNAVA3$d2009 996 $aDiritto industriale$960244 997 $aUNIPARTHENOPE LEADER 01561nam 2200433 450 001 000010843 005 20070503173400.0 010 $a88-02-03688-8 100 $a20020321d1982----km-y0itay0103----ba 101 0 $aita 102 $aIT 200 1 $aTeatro$fHenrik Ibsen$gintroduzione di Alda Castagnoli Manghi$gtraduzione di Alda Castagnoli Manghi e Hanne Coletti Grünbraum 200 1 $a1 $n0005189 210 $aTorino$cUTET$dc1982 215 $aXX, 402 p.$d18 cm. 225 2 $a<> grandi scrittori stranieri 327 $aCasa di bambola ; L'anitra selvatica ; Rosmersholm ; Il costruttore di Solness 410 $12001$a<> grandi scrittori stranieri 676 $a839.82$v(20. ed.)$9Letteratura norvegese 700 1$aIbsen,$bHenrik$0191887 702 1$aCastagnoli Manghi,$bAlda 702 1$aColetti Grünbraum,$bHanne 801 0$aIT$bUniversitā della Basilicata - B.I.A.$gRICA$2unimarc 912 $a000010843 996 $aTeatro$979246 997 $aUNIBAS BAS $aMONLET BAS $aMONOGR BAS $aLETTERE CAT $aSTD014$b01$c20020321$lBAS01$h1741 CAT $aTROMBONE$b01$c20020408$lBAS01$h1154 CAT $c20050601$lBAS01$h1754 CAT $abatch$b01$c20050718$lBAS01$h1050 CAT $c20050718$lBAS01$h1110 CAT $c20050718$lBAS01$h1140 CAT $c20050718$lBAS01$h1154 CAT $aBATCH$b00$c20070503$lBAS01$h1734 FMT Z30 -1$lBAS01$LBAS01$mBOOK$1BASA1$APolo Storico-Umanistico$2GEN$BCollezione generale$3FP/13313$613313$5L13313$820020321$f02$FPrestabile Generale LEADER 02028nam0 2200385 450 001 000045059 005 20180917130831.0 100 $a20180913d1964----km-y0itaa50------ba 101 0 $aita 102 $aIT 200 1 $aMemoria illustrativa della carta della utilizzazione del suolo degli Abruzzi e Molise$efogli 13, 14 e 15 della Carta della utilizzazione del suolo d'Italia$fMario Ortolani$gcon la collaborazione di Piero Dagradi 210 $aRoma$cConsiglio nazionale delle ricerche$dstampa 1964 215 $a175 p.$cill.$d24 cm 225 2 $aMemorie regionali illustrative della carta della utilizzazione del suolo d'Italia$v5 316 $aSulla pagina precedente il frontespizio, firma autografa e data: Gioacchino Viggiani, 26 giugno 1965 410 0$12001$aMemorie regionali illustrative della carta della utilizzazione del suolo d'Italia$v5 606 1 $aEconomia agraria$yAbruzzo 606 2 $aEconomia agraria$yMolise 607 $aAbbruzzo$xGeografia economica 607 $aMolise$xGeografia economica 676 $a338.1$v(22. ed.)$9Produzione. Agricoltura 676 $a631.47$v(22. ed.)$9Pedologia. Rilevamenti del terreno e suo uso 700 1$aOrtolani,$bMario$0449888 702 1$aDagradi,$bPiero 801 0$aIT$bUniversitā della Basilicata - B.I.A.$gREICAT$2unimarc 912 $a000045059 996 $aMemoria illustrativa della Carta della utilizzazione del suolo degli Abruzzi e Molise$9299515 997 $aUNIBAS CAT $aSTD120$b01$c20180913$lBAS01$h1813 CAT $aTTM$b30$c20180914$lBAS01$h1218 CAT $aTTM$b30$c20180917$lBAS01$h1237 CAT $aTTM$b30$c20180917$lBAS01$h1308 FMT Z30 -1$lBAS01$LBAS01$mBOOK$1BASA2$APolo Tecnico-Scientifico$2FVIG$BFondo Viggiani$3FVig/42738$642738$5T42738$7Collocato presso la Scuola di Agraria$820180913$f35$FStanza riservata Z30 -1$lBAS01$LBAS01$mBOOK$1BASA2$APolo Tecnico-Scientifico$2FVIG$BFondo Viggiani$3FVig/T42747$642747$542747$7Collocato presso la Scuola di Agraria$820180917$f35$FStanza riservata LEADER 02670nam 2200577Ia 450 001 996201830003316 005 20240524182401.0 010 $a1-281-30975-3 010 $a9786611309756 010 $a0-470-69378-9 010 $a0-470-69303-7 035 $a(CKB)1000000000398539 035 $a(EBL)351391 035 $a(OCoLC)437218648 035 $a(SSID)ssj0000307560 035 $a(PQKBManifestationID)11239644 035 $a(PQKBTitleCode)TC0000307560 035 $a(PQKBWorkID)10244788 035 $a(PQKB)11546185 035 $a(MiAaPQ)EBC351391 035 $a(EXLCZ)991000000000398539 100 $a19990709d2000 uy 0 101 0 $aeng 135 $aur|n|---||||| 181 $ctxt 182 $cc 183 $acr 200 10$aRabbits$b[electronic resource] $ehealth, husbandry, and diseases /$fV.C.G. Richardson 210 $aOxford ;$aMalden, MA $cBlackwell Science$dc2000 215 $a1 online resource (186 p.) 300 $aDescription based upon print version of record. 311 $a0-632-05221-X 320 $aIncludes bibliographical references (p. 171-173) and index. 327 $aRabbits; CONTENTS; Preface; 1 Husbandry; 2 Nutrition; 3 The Clinical Examination; 4 The Skin; 5 The Reproductive System; 6 The Neonatal Rabbit; 7 The Urinary System; 8 The Respiratory System; 9 The Digestive System; 10 The Musculoskeletal System; 11 The Teeth; 12 The Head and Neck; 13 Neurological and Neuromuscular Disorders; 14 Important Viral Diseases; 15 Behaviour; 16 Anaesthesia and Surgery; 17 Drugs and Treatments; 18 Zoonotic Aspects; References and further reading; Index 330 $aRabbits are the third most popular pet in the world and the trend to keep them indoors will make the ""house rabbit"" the pet of the next century. Rabbit owners expect and deserve the same standard of veterinary care for their rabbits as they receive for their cats and dogs. Devoted entirely to the pet rabbit, this book is a practical and concise guide to health, husbandry and diseases. The book begins with an overview of rabbit husbandry. Nutritional requirements and clinical examination are covered in chapters 2 and 3. Subsequent chapters then take a body system approach to describ 606 $aRabbits$xDiseases 606 $aRabbits$xHealth 606 $aRabbits 615 0$aRabbits$xDiseases. 615 0$aRabbits$xHealth. 615 0$aRabbits. 676 $a636.9/322 676 $a636.932 700 $aRichardson$b V. C. G$0867108 801 0$bMiAaPQ 801 1$bMiAaPQ 801 2$bMiAaPQ 906 $aBOOK 912 $a996201830003316 996 $aRabbits$91935393 997 $aUNISA